00289nam a2200097Ia 4500008004100000082001500041100001400056245006500070260004700135300000900182210430s9999 xx 000 0 und d a545 V877 V aJ Mendham aVogels Textbook of Quantitative Chemical AnalysiscJ Mendham aIslamabad bNational Book Foundationc2010 a833p